header

Animal Ark: Foals in the Field (Record no. 260621)

MARC details
000 -LEADER
fixed length control field 00247nam a22001097a 4500
020 ## - INTERNATIONAL STANDARD BOOK NUMBER
ISBN 0439343852
100 ## - MAIN ENTRY--AUTHOR NAME
Personal name Ben M. Baglio
245 ## - TITLE STATEMENT
Title Animal Ark: Foals in the Field
260 ## - PUBLICATION, DISTRIBUTION, ETC. (IMPRINT)
Place of publication New York
Name of publisher Scholastic
Year of publication 1997
300 ## - PHYSICAL DESCRIPTION
Number of Pages 133 pgs
942 ## - ADDED ENTRY ELEMENTS (KOHA)
Koha item type Long Loan Books
Holdings
Withdrawn status Lost status Collection code Home library Current library Shelving location Date acquired Accession Number Koha item type
    Fiction Rongo University Library Rongo University Library Children's Area 12/09/2023 CL20221926 Long Loan Books

© 2026 Rongo University
Contact us: librarian | system librarian | Rongo university